000 00590nam a2200169 a 4500
001 000039182
005 20260305073959.0
008 130606s2013 dr ac 001 0 spa d
020 _a9789945006230
040 _aDO-SdBNP
_bspa
_cBNPHU
245 0 0 _aJosé Vanconcelos :
_bescritos en Santo Domingo 1927-1928 /
_ccompilación, estudio y notas de Cándido Gerón /.
260 _aSanto Domingo :
_bCentenario,
_c2013.
300 _a188 p. :
_bil., retrs. ;
_c24 cm.
500 _aIncluye datos biográficos del compilador
500 _aIncluye índice
700 1 _aGerón, Candido,
_d1948-
_93577
999 _c38672
_d38672